| 000 | 00755cam a22002414a 4500 | ||
|---|---|---|---|
| 001 | 13892468 | ||
| 005 | 20180309081634.0 | ||
| 008 | 050308s2006 caua b 001 0 eng | ||
| 010 | _a 2005923766 | ||
| 020 | _a0534622089 | ||
| 040 |
_aDLC _cDLC _dDLC |
||
| 041 | _aeng | ||
| 042 | _apcc | ||
| 080 | _a613.2 ROL | ||
| 082 | 0 | 0 |
_a613.2 ROL _223 |
| 100 | 1 | _a10 | |
| 101 | _aNUT | ||
| 245 | 1 | 0 |
_aUnderstanding normal and clinical nutrition / _cSharon Rady Rolfes, Kathryn Pinna, Eleanor Noss Whitney. |
| 504 | _aIncludes bibliographical references and index. | ||
| 906 |
_a7 _bcbc _corignew _d3 _eepcn _f20 _gy-gencatlg |
||
| 942 |
_2ddc _cBK |
||
| 999 |
_c44612 _d44612 |
||